All 100k+ Cities that Border the Mediterranean Sea - Statistics

General Stats
  • This quiz has been taken 44 times
  • The average score is 34 of 89
Answer Stats
Country Population Answer % Correct
Spain 5,179,243 Barcelona
98%
Lebanon 2,402,485 Beirut
98%
Egypt 5,263,542 Alexandria
95%
Algeria 2,364,230 Algiers
95%
Libya 2,220,000 Tripoli
95%
Libya 229,398 Tripoli
95%
Türkiye 2,847,691 İzmir
93%
Spain 1,645,342 Valencia
93%
France 855,393 Marseille
90%
Israel 474,530 Tel Aviv
88%
Palestine 766,331 Gaza
83%
Italy 914,758 Naples
80%
Italy 630,828 Palermo
80%
Croatia 160,577 Split
80%
Tunisia 638,845 Tunis
80%
Türkiye 955,573 Antalya
78%
Libya 1,501,000 Benghazi
78%
Spain 944,000 Málaga
78%
France 342,295 Nice
78%
Israel 290,306 Haifa
73%
Algeria 803,329 Oran
71%
Italy 560,688 Genoa
68%
Greece 309,617 Thessaloniki
68%
Spain 793,000 Alicante
63%
Italy 316,140 Bari
63%
Italy 298,324 Catania
59%
Egypt 780,515 Port Said
59%
Croatia 767,131 Zagreb
59%
Greece 149,501 Heraklion
56%
Spain 433,000 Palma de Mallorca
56%
Italy 149,883 Cagliari
51%
Italy 118,385 Syracuse
49%
Italy 200,594 Trieste
49%
Italy 200,154 Taranto
44%
Spain 192,000 Almería
41%
Italy 220,094 Messina
41%
Tunisia 330,440 Sfax
41%
Croatia 107,964 Rijeka
39%
Italy 139,601 Rimini
37%
France 163,760 Toulon
37%
Italy 132,608 Salerno
34%
Spain 409,000 Cartagena
29%
Italy 157,052 Livorno
29%
Spain 116,000 Marbella
29%
Greece 170,755 Patras
29%
Spain 325,000 Tarragona
29%
Albania 113,249 Durrës
27%
Cyprus 154,000 Limassol
27%
Italy 117,166 Pescara
27%
Greece 168,151 Piraeus
24%
Italy 180,817 Reggio Calabria
24%
Italy 100,497 Ancona
22%
Türkiye 842,230 Mersin
22%
Tunisia 221,530 Sousse
22%
Spain 134,000 Benidorm
20%
Lebanon 163,554 Sidon
20%
Spain 206,000 Algeciras
17%
Libya 172,500 Tobruk
17%
Syria 383,786 Latakia
12%
Israel 153,138 Ashkelon
10%
Spain 640,000 Las Palmas
10%
Israel 233,104 Netanya
10%
Morocco 380,787 Tetouan
10%
Algeria 342,703 Annaba
7%
Tunisia 136,917 Bizerte
7%
Israel 103,041 Hadera
7%
Türkiye 175,454 İskenderun
7%
Libya 550,000 Misrata
7%
Morocco 161,726 Nador
7%
Libya 128,123 Sirt
7%
Israel 128,465 Bat Yam
5%
Algeria 176,139 Béjaïa
5%
Spain 132,000 Gandia
5%
Syria 458,327 Tartus
5%
Tunisia 114,486 Ariana
2%
Egypt 199,243 Arish
2%
Israel 226,827 Ashod
2%
Tunisia 130,984 Gabès
2%
Israel 106,741 Herzliya
2%
Algeria 134,839 Jijel
2%
Algeria 162,885 Mostaganem
2%
Algeria 182,903 Skikda
2%
Libya 234,000 Zawiya
2%
Libya 160,200 Ajdabiya
0%
Spain 131,000 Blanes
0%
Libya 150,000 Derna
0%
Lebanon 115,000 Jounieh
0%
Lebanon 135,204 Trye
0%
Libya 158,250 Zliten
0%
No matching quizzes found
Score Distribution
Percent of People with Each Score
Percentile by Number Answered
Your Score History
You have not taken this quiz